000 00610nam a22002177a 4500
005 20230329114821.0
008 230329b ||||| |||| 00| 0 eng d
020 _a9789381710173
040 _aIN-DiNC
_cIN-DiNC
041 _dasm
082 _a823.954
_bTRI
100 _aTripathi, Amish
_eauthor
245 _aThe secret of the Nagas:
_bsecond part of Shiva trilogy/
_cby Amish Tripathi
250 _a2nd ed.
260 _aGuwahati:
_bBanphool prakashan,
_c2016.
300 _a405p.
650 _aShiva trilogy
650 _aThe secret of Nagas
700 _aBipul Deuri
_eTranslator
942 _2ddc
_cBK
999 _c11509
_d11509